Analýza parametrov 3D tlače z pohľadu vplyvu na kvalitu výsledného produktu

Enregistré dans:
Détails bibliographiques
Auteur principal: Hruška, Matej (Auteur)
Autres auteurs: Beniak, Juraj (Directeur de thèse)
Format: Manuscrit Livre
Langue:slovaque
Publié: 2022
Sujets:
Accès en ligne:http://is.stuba.sk/zp/portal_zp.pl?podrobnosti=157232
Tags: Ajouter un tag
Pas de tags, Soyez le premier à ajouter un tag!

MARC

LEADER 00000ntm a22000003a 4500
001 stuzp90934
003 SK-STU
005 20220611214136.9
007 ta
008 150427s2015----xo-----f-mn---000-0-slo-d
040 |a STU  |b slo 
041 0 |a slo 
100 1 |a Hruška, Matej  |u 020070  |4 aut  |U SjF Strojnícka fakulta  |T SjF Ústav výrobných systémov, enviromentálnej techniky a manažment kvality  |X 104920  |U J0070  |Y 804  |7 104920 
242 0 1 |a Analysis of 3D printing parameters in terms of the impact on the quality of the final product  |y eng 
245 1 0 |a Analýza parametrov 3D tlače z pohľadu vplyvu na kvalitu výsledného produktu 
260 |c 2022 
650 4 |a aditívna výroba  |2 slo 
650 4 |a 3D tlač  |2 slo 
650 4 |a parametre kvality  |2 slo 
650 4 |a additive manufacturing  |2 eng 
650 4 |a 3D printing  |2 eng 
650 4 |a parameters of quality  |2 eng 
700 1 |a Beniak, Juraj  |u 020070  |k Z1  |4 ths  |U SjF Strojnícka fakulta  |T SjF Ústav výrobných systémov, enviromentálnej techniky a manažment kvality  |X 2226  |U J0070  |Y 804  |7 A000002226 
856 4 |u http://is.stuba.sk/zp/portal_zp.pl?podrobnosti=157232 
996 |b 284J046983  |c J* 3483/DBP  |l JJSK  |s A  |a 24  |w stuzp90934_0001